Loading...
| Social Science | 1 | 8 | 0 | 1 | 95 | 75 | 97.89 | 4 | 9 | 0.00 | 0.00 |
| Fine Arts - Painting and Sculpture | 2 | 6 | 0 | 0 | 90 | 44 | 92.63 | 3 | 7 | 0.00 | 0.00 |
| History - Other | 5 | 1 | 0 | 1 | 85 | 42 | 68.67 | 1 | 6 | 0.00 | 0.00 |
| History - European | 5 | 2 | 2 | 1 | 85 | 38 | 62.14 | 5 | 7 | 0.00 | 0.00 |
| Literature - Poetry | 2 | 5 | 1 | 1 | 75 | 40 | 107.57 | 1 | 4 | 0.00 | 0.00 |
| Philosophy | 2 | 4 | 0 | 0 | 70 | 63 | 81.50 | 1 | 6 | 0.00 | 0.00 |
| Literature - Long Fiction | 2 | 3 | 0 | 1 | 60 | 37 | 95.40 | 2 | 4 | 0.00 | 0.00 |
| History - American | 2 | 3 | 0 | 0 | 60 | 72 | 95.60 | 1 | 3 | 0.00 | 0.00 |
| Short Fiction and Other | 2 | 3 | 0 | 1 | 60 | 42 | 85.40 | 3 | 5 | 0.00 | 0.00 |
| Fine Arts - Classical Music | 1 | 4 | 0 | 2 | 55 | 61 | 113.00 | 0 | 3 | 0.00 | 0.00 |
| History - World | 1 | 5 | 4 | 2 | 45 | 31 | 105.33 | 1 | 2 | 0.00 | 0.00 |
| Literature - Drama | 1 | 3 | 0 | 1 | 45 | 61 | 103.75 | 1 | 2 | 0.00 | 0.00 |
| Fine Arts - Other | 0 | 4 | 0 | 1 | 40 | 80 | 117.50 | 0 | 2 | 0.00 | 0.00 |
| Other Academic | 0 | 4 | 0 | 1 | 40 | 92 | 106.25 | 0 | 1 | 0.00 | 0.00 |
| Religion | 0 | 4 | 0 | 0 | 40 | 80 | 99.50 | 1 | 2 | 0.00 | 0.00 |
| Mythology | 1 | 2 | 0 | 0 | 35 | 56 | 94.67 | 0 | 2 | 0.00 | 0.00 |
| Geography | 0 | 2 | 0 | 1 | 20 | 94 | 110.50 | 1 | 2 | 0.00 | 0.00 |
| Literature - Short Fiction | 1 | 0 | 0 | 0 | 15 | 51 | 51.00 | 0 | 1 | 0.00 | 0.00 |
| Science - Math | 0 | 1 | 0 | 1 | 10 | 148 | 148.00 | 0 | 1 | 0.00 | 0.00 |
| Science - Other | 0 | 0 | 0 | 0 | 0 | 0.00 | 0 | 0 | 0.00 | 0.00 | |
| History - Ancient | 0 | 0 | 0 | 0 | 0 | 0.00 | 0 | 0 | 0.00 | 0.00 | |
| Science - Physics | 0 | 0 | 1 | 0 | -5 | 0.00 | 0 | 0 | 0.00 | 0.00 | |
| Current Events | 0 | 0 | 1 | 0 | -5 | 0.00 | 0 | 0 | 0.00 | 0.00 |